|
|
|
|
| LEADER |
00997aam a22002898a 4500 |
| 001 |
00028562 |
| 005 |
20171026081025.0 |
| 008 |
120329s2007 ||||||viesd |
| 020 |
|
|
|c 18000
|
| 041 |
0 |
# |
|a vie
|
| 082 |
1 |
4 |
|a 158.1
|b NH556B
|
| 100 |
1 |
# |
|a Ryan, Joah Aho
|
| 245 |
1 |
0 |
|a Những bài học từ trẻ con
|c Joan Aho Ryan; Nhân Văn biên dịch
|b viết tặng trẻ thơ - người có những lý lẽ riêng của mình
|
| 260 |
# |
# |
|a Thanh Hóa
|b Nxb. Thanh Hóa
|c 2007
|
| 300 |
# |
# |
|a 181tr.
|c 20cm.
|
| 650 |
# |
4 |
|a Trẻ em
|x Nhân cách
|
| 653 |
# |
# |
|a Bạo lực trẻ em
|
| 653 |
# |
# |
|a Công tác xã hội
|
| 653 |
# |
# |
|a Giáo dục trẻ em
|
| 653 |
# |
# |
|a Trẻ em đường phố
|
| 653 |
# |
# |
|a Tâm lý học
|
| 700 |
0 |
# |
|a Nhân Văn
|e biên dịch
|
| 852 |
# |
# |
|b Kho đọc
|j KD.0012792
|
| 852 |
# |
# |
|j KD.0012792
|
| 910 |
|
|
|d 29/03/2012
|
| 980 |
# |
# |
|a Trung tâm Học liệu Lê Vũ Hùng, Trường Đại học Đồng Tháp
|